[Event "Titled Tue 10th Jun Early"]
[Site "chess.com INT"]
[Date "2025.06.10"]
[Round "7"]
[White "Sychev, Klementy"]
[Black "Iskusnyh, Sergei"]
[Result "1-0"]
[WhiteTitle "GM"]
[BlackTitle "GM"]
[WhiteElo "2513"]
[BlackElo "2440"]
[WhiteFideId "4114060"]
[BlackFideId "4120027"]
[EventDate "2025.06.10"]

1. e4 e6 2. d4 d5 3. e5 c5 4. c3 Nc6 5. Nf3 Nge7 6. Bd3 cxd4 7. cxd4 Nf5 8. Bxf5
exf5 9. Nc3 Be6 10. h4 h6 11. Be3 Be7 12. g3 Rc8 13. Ne2 f4 14. gxf4 Bg4 15. Nh2
Bb4+ 16. Kf1 Qxh4 17. Kg1 Bh5 18. Qf1 Bxe2 19. Qxe2 g6 20. Ng4 Qd8 21. f5 Be7
22. Nxh6 gxf5 23. Nxf5 1-0

[Event "Titled Tue 10th Jun Early"]
[Site "chess.com INT"]
[Date "2025.06.10"]
[Round "7"]
[White "Huseynova, Dinara"]
[Black "Bacus, Dharim"]
[Result "0-1"]
[WhiteTitle "WCM"]
[BlackTitle "FM"]
[WhiteElo "1833"]
[BlackElo "2131"]
[WhiteFideId "13437313"]
[BlackFideId "5201527"]
[EventDate "2025.06.10"]

1. Nf3 Nf6 2. d4 d5 3. e3 e6 4. Bd3 Be7 5. Nbd2 b6 6. b3 Bb7 7. Bb2 Nbd7 8. O-O
O-O 9. Ne5 Nxe5 10. dxe5 Nd7 11. f4 Nc5 12. Rf3 Nxd3 13. cxd3 f6 14. exf6 Bxf6
15. Bxf6 Qxf6 16. d4 c5 17. Nf1 Rac8 18. Ng3 Ba6 19. Nh5 Qf5 20. Ng3 Qf6 21. Nh5
Qh6 22. Rg3 g6 23. Rg5 Kh8 24. Ng3 Qg7 25. Qg4 cxd4 26. Qxe6 dxe3 27. Qxe3 Qxa1+
28. Kf2 Rc2+ 29. Kf3 Rc3 30. Rxd5 Rxe3+ 31. Kxe3 Qc1+ 0-1

[Event "Titled Tue 10th Jun Early"]
[Site "chess.com INT"]
[Date "2025.06.10"]
[Round "7"]
[White "Nouali, Mohamed"]
[Black "Kozak, Antoni"]
[Result "0-1"]
[WhiteTitle "FM"]
[WhiteElo "2160"]
[BlackElo "2426"]
[WhiteFideId "5502462"]
[BlackFideId "21832030"]
[EventDate "2025.06.10"]

1. e4 Nf6 2. e5 Nd5 3. Nc3 c6 4. Nf3 d6 5. d4 Bg4 6. h3 Bh5 7. e6 fxe6 8. g4 Bf7
9. Ng5 Bg8 10. Qe2 Qd7 11. Bd2 Na6 12. O-O-O Nac7 13. Qe4 Nf6 14. Qg2 b5 15.
Nxb5 cxb5 16. Ba5 Rb8 17. h4 Ncd5 18. Kb1 b4 19. Bc4 Qa4 20. Rhe1 Qxa5 21. Nxe6
Bxe6 22. Rxe6 Nc3+ 23. bxc3 bxc3+ 24. Bb3 Qd5 25. Qxd5 Nxd5 26. Kc1 Nc7 27. Re3
e6 28. Rxc3 Kd8 29. Re1 Be7 30. g5 h6 31. f4 hxg5 32. hxg5 Rh4 33. Bxe6 Rxf4 34.
g6 Bg5 35. Kd1 Rb1+ 36. Ke2 Rxe1+ 37. Kxe1 Re4+ 38. Kd1 Rxe6 39. Ra3 a6 40. Ra5
Rxg6 41. Rf5 Bf6 42. c3 Rg3 43. Kc2 Nb5 44. Kb3 Nxd4+ 45. Ka4 Nxf5 0-1

[Event "Titled Tue 10th Jun Early"]
[Site "chess.com INT"]
[Date "2025.06.10"]
[Round "7"]
[White "Punin, Andrii"]
[Black "Cherepov, Alexej"]
[Result "1-0"]
[WhiteTitle "FM"]
[BlackTitle "CM"]
[WhiteElo "2289"]
[BlackElo "2083"]
[WhiteFideId "14112639"]
[BlackFideId "13503650"]
[EventDate "2025.06.10"]

1. e4 c5 2. Nf3 Nc6 3. Bb5 d6 4. O-O Bd7 5. Re1 a6 6. Bf1 Nf6 7. h3 g6 8. c3 Bg7
9. d4 cxd4 10. cxd4 d5 11. e5 Ne4 12. Nc3 Nxc3 13. bxc3 O-O 14. Bf4 Rc8 15. Qd2
Na5 16. Bh6 b5 17. e6 Bxe6 18. Bxg7 Kxg7 19. Rxe6 fxe6 20. Re1 Rxf3 21. gxf3 Qd6
22. h4 Rf8 23. Bh3 Rf6 24. Qe2 Kf7 25. h5 gxh5 26. f4 Rg6+ 27. Kf1 Qxf4 28. Qxh5
Kg7 29. Rxe6 Rxe6 30. Bxe6 Nc4 31. Bxd5 Ne3+ 32. Ke2 Ng4 33. Bf3 Nf6 34. Qe5 Qc1
35. Qxe7+ Kg6 36. Qe3 a5 37. Qxc1 1-0

[Event "Titled Tue 10th Jun Early"]
[Site "chess.com INT"]
[Date "2025.06.10"]
[Round "7"]
[White "Negrean, Andrei"]
[Black "Saydaliev, Saidakbar"]
[Result "1/2-1/2"]
[WhiteTitle "FM"]
[BlackTitle "IM"]
[WhiteElo "2352"]
[BlackElo "2450"]
[WhiteFideId "1291513"]
[BlackFideId "14203693"]
[EventDate "2025.06.10"]

1. e4 e6 2. d4 d5 3. exd5 exd5 4. Bd3 Nc6 5. c3 Bd6 6. Ne2 Nge7 7. O-O O-O 8.
Bf4 Bg4 9. Bxd6 Qxd6 10. Nd2 Rfe8 11. Qc2 Bxe2 12. Bxe2 Ng6 13. Bd3 Nd8 14. g3
c5 15. dxc5 Qxc5 16. Nb3 Qb6 17. Nd4 Nc6 18. Bxg6 hxg6 19. Rad1 Ne5 20. Rfe1 Nc4
21. b3 Ne5 22. Kg2 Rac8 23. Qd2 Ng4 24. Rxe8+ Rxe8 25. Re1 Rc8 26. f3 Nf6 27.
Re3 Qa5 28. h4 a6 29. Ne2 Qc5 30. Nf4 Qb5 31. Rd3 Re8 32. Re3 Rc8 33. Rd3 Re8
34. Re3 Rc8 1/2-1/2

[Event "Titled Tue 10th Jun Early"]
[Site "chess.com INT"]
[Date "2025.06.10"]
[Round "7"]
[White "Wu, Derek"]
[Black "Rabin, Evan"]
[Result "0-1"]
[WhiteTitle "FM"]
[WhiteElo "2232"]
[BlackElo "1945"]
[WhiteFideId "30914558"]
[BlackFideId "2028670"]
[EventDate "2025.06.10"]

1. d4 Nf6 2. c4 e6 3. Nc3 Bb4 4. e3 b6 5. Ne2 Bb7 6. a3 Bxc3+ 7. Nxc3 O-O 8. Qc2
d5 9. cxd5 Nxd5 10. Bd3 h6 11. O-O Nd7 12. e4 Nxc3 13. bxc3 c5 14. Qe2 Rc8 15.
a4 Nf6 16. Bb2 cxd4 17. cxd4 Qd7 18. a5 Qc6 19. Rfc1 Qd7 20. Bb5 Bc6 21. Bd3 Bb7
22. axb6 axb6 23. h3 Rxc1+ 24. Rxc1 Rc8 25. Rd1 Qc6 26. f3 Qa4 27. Qe3 Qxd1+ 28.
Kh2 Qb3 29. d5 Ba6 30. Bxf6 Qxd3 31. Qf4 gxf6 32. Qxf6 Qc3 33. Qxh6 Qg7 34. Qf4
exd5 35. exd5 Re8 36. Qa4 Qe5+ 37. f4 Qe2 38. Qd4 Bd3 39. d6 Be4 40. Qg1 Rd8 0-1

[Event "Titled Tue 10th Jun Early"]
[Site "chess.com INT"]
[Date "2025.06.10"]
[Round "7"]
[White "Wieczorek, Zbigniew"]
[Black "Mayorau, Mikita1"]
[Result "0-1"]
[WhiteTitle "FM"]
[BlackTitle "GM"]
[WhiteElo "2105"]
[BlackElo "2472"]
[WhiteFideId "1102001"]
[BlackFideId "13501720"]
[EventDate "2025.06.10"]

1. Nf3 Nf6 2. g3 g6 3. Bg2 Bg7 4. c4 O-O 5. Nc3 c6 6. O-O d5 7. cxd5 cxd5 8. d4
Nc6 9. Ne5 Bf5 10. Nxc6 bxc6 11. b3 c5 12. Be3 Ne4 13. Nxe4 dxe4 14. dxc5 Bxa1
15. Qxa1 Rc8 16. Bh6 f6 17. Bxf8 Kxf8 18. b4 Qd2 19. e3 Qxb4 20. Rc1 Rxc5 21.
Rxc5 Qxc5 22. h3 h5 23. Qb2 Qc8 24. Qa3 Kf7 25. Kh2 a6 26. Qb3+ Be6 27. Qb2 Qc6
28. a3 Bd5 29. h4 Qb5 30. Qd4 Qc6 31. a4 e5 0-1

[Event "Titled Tue 10th Jun Early"]
[Site "chess.com INT"]
[Date "2025.06.10"]
[Round "7"]
[White "Gutman, Gennadi"]
[Black "Araujo Filho, Luiz Antonio Coel"]
[Result "0-1"]
[WhiteTitle "GM"]
[WhiteElo "2445"]
[BlackElo "2077"]
[WhiteFideId "14102277"]
[BlackFideId "2130661"]
[EventDate "2025.06.10"]

1. e4 c6 2. Nf3 d5 3. Nc3 dxe4 4. Nxe4 Nf6 5. Qe2 Nxe4 6. Qxe4 Be6 7. d4 Nd7 8.
Bd3 g6 9. Ng5 Bf5 10. Qf3 Qa5+ 11. Bd2 Qd5 12. Qxd5 cxd5 13. Bxf5 gxf5 14. O-O
h6 15. Nf3 e6 16. Rac1 b5 17. a4 a6 18. axb5 axb5 19. Ra1 Rc8 20. c4 bxc4 21.
Ra7 Bd6 22. Rc1 Nb6 23. Ra6 Rb8 24. Ba5 Nc8 25. b3 Rxb3 26. Ra8 O-O 27. Nd2 Rb5
28. Ra6 Bf4 29. g3 Rxa5 0-1

[Event "Titled Tue 10th Jun Early"]
[Site "chess.com INT"]
[Date "2025.06.10"]
[Round "7"]
[White "Kapra, Jerjis"]
[Black "Maglioni, Leonardo"]
[Result "1-0"]
[WhiteElo "2055"]
[BlackElo "2069"]
[WhiteFideId "2640341"]
[BlackFideId "2896830"]
[EventDate "2025.06.10"]

1. e4 e5 2. Nf3 Nc6 3. d4 exd4 4. Bc4 Nf6 5. e5 d5 6. Bb5 Nd7 7. O-O Be7 8. Bxc6
bxc6 9. Nxd4 Nb8 10. Qf3 O-O 11. Nc3 Re8 12. Re1 Bf8 13. Bf4 Bb7 14. Qg3 c5 15.
Nf5 Kh8 16. Rad1 c6 17. Ne4 Bc8 18. Bg5 Qc7 19. Ned6 Re6 20. Bd8 Qd7 21. Bf6
Rxf6 22. exf6 Qc7 23. Re8 Nd7 24. Qxg7# 1-0

[Event "Titled Tue 10th Jun Early"]
[Site "chess.com INT"]
[Date "2025.06.10"]
[Round "7"]
[White "Andrejevs, Arvids"]
[Black "Rozman, Levy"]
[Result "0-1"]
[WhiteTitle "CM"]
[BlackTitle "IM"]
[WhiteElo "2165"]
[BlackElo "2324"]
[WhiteFideId "11602708"]
[BlackFideId "2039877"]
[EventDate "2025.06.10"]

1. Nf3 g6 2. g3 Bg7 3. Bg2 d6 4. d4 Bd7 5. O-O Qc8 6. e4 Bh3 7. c4 h5 8. Nc3 h4
9. Nxh4 Bf6 10. Nf3 Bxg2 11. Kxg2 Qh3+ 12. Kg1 Nc6 13. Re1 g5 14. e5 g4 15. exf6
gxf3 16. Qxf3 Nxd4 17. Qg2 Qxg2+ 18. Kxg2 Nc2 19. Bg5 Nxa1 20. Rxa1 e6 21. Nb5
Kd7 22. Rd1 a6 23. Nc3 Nh6 24. h4 Nf5 25. Ne4 b6 26. b4 Kc6 27. a3 Rad8 28. Kh3
d5 29. cxd5+ Rxd5 30. Rc1+ Kb7 31. Rc3 a5 32. g4 Nd4 33. h5 axb4 34. axb4 Nc6
35. f4 Nxb4 36. Rb3 Rd3+ 37. Rxd3 Nxd3 38. Bh4 b5 39. g5 Nxf4+ 40. Kg4 Nxh5 41.
g6 fxg6 42. f7 Rf8 43. Ng5 b4 44. Be1 b3 45. Bc3 Kc8 46. Nxe6 Rxf7 47. Nd4 Rf4+
48. Kh3 Re4 49. Nxb3 Re3+ 50. Kh4 Rxc3 0-1

[Event "Titled Tue 10th Jun Early"]
[Site "chess.com INT"]
[Date "2025.06.10"]
[Round "7"]
[White "Asish Panda"]
[Black "Cherukuri, Nitesh"]
[Result "1-0"]
[BlackTitle "CM"]
[WhiteElo "1911"]
[BlackElo "2171"]
[WhiteFideId "45012458"]
[BlackFideId "30978688"]
[EventDate "2025.06.10"]

1. e4 c5 2. Nf3 e6 3. g3 g6 4. Bg2 Bg7 5. O-O Nc6 6. c3 Nge7 7. Re1 O-O 8. d4
cxd4 9. cxd4 b6 10. Nc3 Bb7 11. Bf4 d6 12. Rc1 h6 13. h4 a6 14. Qd2 Kh7 15. d5
exd5 16. Nxd5 Nxd5 17. exd5 Ne7 18. Nh2 Qd7 19. Nf1 Rac8 20. Ne3 b5 21. Qb4 Rxc1
22. Rxc1 Rd8 23. Qa5 Rc8 24. Rxc8 Nxc8 25. Qd2 Nb6 26. b3 Bf6 27. Bf3 g5 28. Ng4
Be7 29. hxg5 hxg5 30. Bxg5 Qf5 31. Bxe7 Qxf3 32. Qh6+ Kg8 33. Nf6+ 1-0

[Event "Titled Tue 10th Jun Early"]
[Site "chess.com INT"]
[Date "2025.06.10"]
[Round "7"]
[White "Pulido Alvarez, Ariel"]
[Black "Moro Saidon, Gonzalo"]
[Result "1-0"]
[WhiteTitle "FM"]
[WhiteElo "2252"]
[BlackElo "2114"]
[WhiteFideId "3503011"]
[BlackFideId "140082"]
[EventDate "2025.06.10"]

1. e4 e5 2. Nf3 Nc6 3. d4 exd4 4. Nxd4 Bc5 5. Be3 Qf6 6. c3 Nge7 7. g3 d6 8. Bg2
O-O 9. O-O a5 10. Nb5 Bxe3 11. fxe3 Qg5 12. Nxc7 Qxe3+ 13. Kh1 Rb8 14. Na3 Ne5
15. Qxd6 N7c6 16. Nd5 Qe2 17. Nb5 Ng4 18. Nd4 Nxd4 19. cxd4 Nf2+ 20. Kg1 Nh3+
21. Kh1 Bg4 22. Nf4 Nxf4 23. Qxf4 f5 24. exf5 Bxf5 25. Rae1 Qxb2 26. Bd5+ Kh8
27. g4 Be4+ 28. Qxe4 Rf2 29. Rxf2 Qxf2 30. Qe8+ Qf8 31. Qxf8+ Rxf8 32. Bxb7 Rf2
33. Re8+ 1-0

[Event "Titled Tue 10th Jun Early"]
[Site "chess.com INT"]
[Date "2025.06.10"]
[Round "7"]
[White "Avramidou, Anastasia"]
[Black "Shevchenko, Yaroslav"]
[Result "0-1"]
[WhiteTitle "FM"]
[WhiteElo "2294"]
[BlackElo "2179"]
[WhiteFideId "4239873"]
[BlackFideId "34144684"]
[EventDate "2025.06.10"]

1. Nf3 d5 2. d4 Nf6 3. c4 c6 4. Nc3 e6 5. e3 Be7 6. Bd3 dxc4 7. Bxc4 b5 8. Bd3
Bb7 9. O-O a6 10. a4 O-O 11. Qe2 Nbd7 12. Rd1 Qb6 13. a5 Qa7 14. e4 c5 15. e5
Nd5 16. Nxd5 Bxd5 17. Be3 h6 18. Rac1 Rac8 19. dxc5 Bxc5 20. Rxc5 Nxc5 21. b4
Nxd3 22. Bxa7 Nxb4 23. Be3 Rc2 24. Qe1 Bxf3 25. gxf3 Nd5 26. Rc1 Rfc8 27. Rxc2
Rxc2 28. Qd1 Rc4 29. Qb3 h5 30. h4 Rc3 31. Qb2 Rc4 32. Qa3 Rb4 33. f4 g6 34. Bd2
Rb1+ 35. Kg2 b4 36. Qd3 Rb2 37. Bc1 b3 38. Bxb2 Nxf4+ 39. Kf3 Nxd3 40. Bc3 b2
41. Bxb2 Nxb2 42. Ke4 Nc4 43. Kd4 Nxa5 44. Kc5 Nb7+ 45. Kb6 a5 46. Kb5 Kf8 47.
f4 Ke7 48. Kc6 Kd8 49. Kb6 a4 50. Kb5 a3 0-1

[Event "Titled Tue 10th Jun Early"]
[Site "chess.com INT"]
[Date "2025.06.10"]
[Round "7"]
[White "Buscar, Michael"]
[Black "Goldbeck, Lars"]
[Result "1-0"]
[BlackTitle "FM"]
[WhiteElo "2016"]
[BlackElo "2391"]
[WhiteFideId "2603616"]
[BlackFideId "16208188"]
[EventDate "2025.06.10"]

1. d4 d5 2. c4 c6 3. Nf3 Nf6 4. g3 g6 5. Bg2 Bg7 6. O-O O-O 7. b3 Nbd7 8. Bb2
Ne4 9. Nbd2 Nxd2 10. Nxd2 e6 11. e4 dxe4 12. Nxe4 Nf6 13. Nc5 Qc7 14. Qf3 Nd7
15. Ne4 c5 16. Rad1 Rb8 17. Ba3 Bxd4 18. Rxd4 cxd4 19. Bxf8 Nxf8 20. Nf6+ Kh8
21. Ne8 Qe7 22. Nf6 Kg7 23. Ng4 e5 24. Re1 Bxg4 25. Qxg4 f6 26. Qxd4 Qb4 27.
Rxe5 fxe5 28. Qxe5+ Kg8 29. Qxb8 Qe1+ 30. Bf1 Kg7 31. Qxb7+ Kh6 32. Qxa7 Ne6 33.
Qe3+ Qxe3 34. fxe3 Kg5 35. Kf2 Kf5 36. Bg2 Ke5 37. Ke2 Kd6 38. b4 Kc7 39. a4 Kb6
40. a5+ Ka6 41. Kd3 Nd8 42. Kd4 Nc6+ 43. Bxc6 h5 44. Bb5+ Ka7 45. c5 g5 46. e4
h4 47. e5 hxg3 48. hxg3 g4 49. e6 Kb7 50. e7 Ka7 51. e8=Q Kb7 52. Qf7+ Kb8 53.
Bc6 Kc8 54. Qd7+ Kb8 55. Qb7# 1-0

[Event "Titled Tue 10th Jun Early"]
[Site "chess.com INT"]
[Date "2025.06.10"]
[Round "7"]
[White "Diachek, Andrii"]
[Black "Perry, Patrick"]
[Result "1/2-1/2"]
[WhiteTitle "CM"]
[WhiteElo "2177"]
[BlackElo "2296"]
[WhiteFideId "34106499"]
[BlackFideId "30917727"]
[EventDate "2025.06.10"]

1. c4 Nf6 2. Nc3 c5 3. Nf3 g6 4. e3 Bg7 5. d4 O-O 6. d5 e6 7. Be2 exd5 8. cxd5
d6 9. O-O a6 10. a4 Bg4 11. Nd2 Bxe2 12. Qxe2 Re8 13. Qd3 Nbd7 14. Nc4 Qc7 15.
e4 Ne5 16. Nxe5 Rxe5 17. Bf4 Ree8 18. Rfe1 Nd7 19. Qg3 Be5 20. Bxe5 Nxe5 21. f4
Nd7 22. Rab1 c4 23. Kh1 Rab8 24. b4 cxb3 25. Rxb3 Qc4 26. Reb1 Nc5 27. Rb4 Qd3
28. Qxd3 Nxd3 29. Rxb7 Rbc8 30. R7b3 Nf2+ 31. Kg1 Nxe4 32. Nxe4 Rxe4 33. Rb8
Rxb8 34. Rxb8+ Kg7 35. Rb6 Rxa4 36. Rxd6 a5 37. g3 Ra2 38. Ra6 a4 39. g4 h6 40.
h4 a3 41. g5 hxg5 42. hxg5 Rd2 43. Rxa3 Rxd5 44. Kf2 Rd1 45. Kf3 Rf1+ 46. Ke4
Re1+ 47. Re3 Rf1 48. Ke5 Ra1 49. Rd3 Re1+ 50. Kd4 f6 51. Rc3 fxg5 52. fxg5 Rg1
53. Rc7+ Kf8 54. Ke5 Rxg5+ 55. Kf6 Rf5+ 56. Kxg6 Ra5 57. Rc8+ Ke7 58. Rc7+ Kd6
59. Rf7 Re5 60. Rf5 Re6+ 61. Rf6 Ke7 62. Rxe6+ Kxe6 1/2-1/2

[Event "Titled Tue 10th Jun Early"]
[Site "chess.com INT"]
[Date "2025.06.10"]
[Round "7"]
[White "Novikova, Marharyta"]
[Black "Bruhovich, Olexandr"]
[Result "1-0"]
[WhiteTitle "WCM"]
[BlackTitle "CM"]
[WhiteElo "1974"]
[BlackElo "2208"]
[WhiteFideId "14109689"]
[BlackFideId "14119919"]
[EventDate "2025.06.10"]

1. e4 c5 2. Nc3 Nc6 3. d3 g6 4. Be3 d6 5. Qd2 Bg7 6. g3 Nd4 7. Nd1 h5 8. c3 Nc6
9. h4 Nf6 10. Bg5 Bd7 11. Bh3 Qc8 12. Bxd7+ Qxd7 13. Ne3 O-O 14. O-O-O Rfc8 15.
Nd5 Nh7 16. Bh6 Bh8 17. f3 b5 18. g4 e6 19. Nf4 hxg4 20. h5 g5 21. Nfe2 gxf3 22.
Nxf3 g4 23. Rhg1 f5 24. Nf4 b4 25. Ng6 Bf6 26. Bg5 bxc3 27. bxc3 Bg7 28. h6 Bf6
29. Bxf6 Nxf6 30. Qg5 Nh7 31. Qf4 Qf7 32. Nfh4 d5 33. exf5 exf5 34. Nxf5 Qxg6
35. Rxg4 Qxg4 36. Qxg4+ 1-0

[Event "Titled Tue 10th Jun Early"]
[Site "chess.com INT"]
[Date "2025.06.10"]
[Round "7"]
[White "Ahmad, Khagan"]
[Black "Naroditsky, Daniel"]
[Result "1-0"]
[WhiteTitle "IM"]
[BlackTitle "GM"]
[WhiteElo "2394"]
[BlackElo "2619"]
[WhiteFideId "13431552"]
[BlackFideId "2026961"]
[EventDate "2025.06.10"]

1. d4 Nf6 2. c4 g6 3. Nc3 Bg7 4. e4 d6 5. Nf3 O-O 6. Be2 Na6 7. O-O e5 8. Re1
Bg4 9. dxe5 dxe5 10. Qxd8 Raxd8 11. Be3 Bxf3 12. Bxf3 b6 13. Nd5 Rfe8 14. Bg5
Rd6 15. Red1 Ree6 16. a3 c6 17. Nxf6+ Bxf6 18. Bxf6 Rxf6 19. b4 c5 20. Rd5 cxb4
21. axb4 Nxb4 22. Rxe5 Rd7 23. h4 h5 24. c5 Kg7 25. cxb6 Rxb6 26. Rea5 a6 27.
Be2 Nc2 28. R1a2 Nd4 29. Bxa6 Re7 30. f3 Rc7 31. Kf2 Rc3 32. Rd5 Ne6 33. g3 Rb4
34. Rad2 Ra4 35. Bb5 Raa3 36. Be2 Ra7 37. R5d3 Rxd3 38. Bxd3 Rd7 39. Ke3 Rc7 40.
Rc2 Ra7 41. Rc3 Ra1 42. Bc4 Nf8 43. Rb3 Ra7 44. e5 Re7 45. Kf4 Rc7 46. Bd5 Rd7
47. Ke4 Re7 48. Rb7 Nd7 49. Kd4 Kf8 50. f4 Kg7 51. Bc6 Nxe5 52. fxe5 Re6 53. Bd5
Ra6 54. Rxf7+ Kh6 55. e6 Ra4+ 56. Ke5 g5 57. Rf6+ Kg7 58. hxg5 h4 59. gxh4 Kh8
60. e7 Kg7 61. e8=N+ Kh7 62. Rh6# 1-0

[Event "Titled Tue 10th Jun Early"]
[Site "chess.com INT"]
[Date "2025.06.10"]
[Round "7"]
[White "Lazaro Azcutia, Miguel"]
[Black "Cornelisse, Lorelei"]
[Result "0-1"]
[WhiteTitle "CM"]
[BlackTitle "WFM"]
[WhiteElo "2275"]
[BlackElo "2138"]
[WhiteFideId "54538254"]
[BlackFideId "1087177"]
[EventDate "2025.06.10"]

1. e4 e5 2. Nf3 Nc6 3. Nc3 f5 4. d4 exd4 5. Nxd4 Nf6 6. Nxf5 d5 7. Bg5 Bxf5 8.
exf5 Bb4 9. a3 Bxc3+ 10. bxc3 Kf7 11. Be2 Re8 12. O-O Kg8 13. Bd3 Qd6 14. Qf3
Ne5 15. Qh3 h6 16. Bf4 Qc5 17. Be2 Nf7 18. Rfe1 c6 19. a4 Re4 20. Be3 Qxc3 21.
Bd3 Ree8 22. Rad1 Ng5 23. Qg3 Nfe4 24. Bxe4 Rxe4 25. Rf1 Nf7 26. Qg6 Rae8 0-1

[Event "Titled Tue 10th Jun Early"]
[Site "chess.com INT"]
[Date "2025.06.10"]
[Round "7"]
[White "Gutierrez Olivares, Daniel"]
[Black "Mishra, Manoj"]
[Result "0-1"]
[WhiteTitle "FM"]
[BlackTitle "CM"]
[WhiteElo "2354"]
[BlackElo "1941"]
[WhiteFideId "2264005"]
[BlackFideId "5006007"]
[EventDate "2025.06.10"]

1. Nf3 Nf6 2. g3 g6 3. Bg2 Bg7 4. O-O O-O 5. d3 d6 6. Nbd2 Nc6 7. e4 e5 8. c3 a5
9. a4 h6 10. h3 d5 11. Qc2 dxe4 12. dxe4 Be6 13. Rd1 Nd7 14. Nf1 f5 15. Nh4 Qe8
16. exf5 gxf5 17. Ne3 e4 18. Nd5 Bxd5 19. Rxd5 Qe6 20. Rd1 Nde5 21. Be3 Nd3 22.
Rxd3 exd3 23. Qxd3 Rad8 24. Qb5 f4 25. Bxf4 Be5 26. Bxh6 Qxh6 27. Bxc6 Qd2 28.
Qxe5 Qxf2+ 29. Kh1 bxc6 30. Qg5+ Kh7 31. Qg6+ Kh8 32. Qh6+ Kg8 33. Qg5+ Kh8 34.
Ng6+ Kh7 35. Nf4 Qf3+ 36. Kh2 Rd2+ 37. Kg1 Qf2+ 0-1

[Event "Titled Tue 10th Jun Early"]
[Site "chess.com INT"]
[Date "2025.06.10"]
[Round "7"]
[White "Sarveshwaran V"]
[Black "Shukhman, Anna"]
[Result "0-1"]
[WhiteTitle "CM"]
[BlackTitle "WGM"]
[WhiteElo "2290"]
[BlackElo "2413"]
[WhiteFideId "25699016"]
[BlackFideId "54180058"]
[EventDate "2025.06.10"]

1. e4 c5 2. Nf3 d6 3. d4 cxd4 4. c3 dxc3 5. Nxc3 e6 6. Bf4 Nc6 7. Bb5 Be7 8. Qd2
e5 9. Be3 a6 10. Ba4 b5 11. Bb3 Nf6 12. h3 Be6 13. Bd5 Rc8 14. Ng5 Bxd5 15. exd5
Nb8 16. O-O h6 17. Nf3 Nbd7 18. Nh4 b4 19. Na4 Qa5 20. b3 Qxd5 21. Qxb4 Qb5 22.
Qe1 e4 23. Bd4 O-O 24. f3 Ne5 25. Nf5 Rfe8 26. Nxe7+ Rxe7 27. fxe4 Qd3 28. Bxe5
Rxe5 29. Rd1 Qxe4 30. Qf2 Rc2 31. Qf3 Qxf3 32. Rxf3 Ree2 33. Rg3 Ne4 34. Rg4 Nf2
35. Rxd6 Nxg4 36. Rd8+ Kh7 37. hxg4 Rxg2+ 38. Kf1 Rgf2+ 39. Ke1 Rh2 40. Kd1 Rxa2
41. Kc1 Ra1# 0-1

[Event "Titled Tue 10th Jun Early"]
[Site "chess.com INT"]
[Date "2025.06.10"]
[Round "7"]
[White "Durarbayli, Vasif"]
[Black "Tabatabaei, M. Amin"]
[Result "0-1"]
[WhiteTitle "GM"]
[BlackTitle "GM"]
[WhiteElo "2612"]
[BlackElo "2655"]
[WhiteFideId "13402935"]
[BlackFideId "12521213"]
[EventDate "2025.06.10"]

1. e4 e5 2. Nf3 Nc6 3. d4 exd4 4. Nxd4 Nf6 5. Nxc6 bxc6 6. e5 Qe7 7. Qe2 Nd5 8.
h4 a5 9. c4 Nb6 10. h5 d6 11. exd6 cxd6 12. Be3 Na4 13. Qc2 Nc5 14. Nd2 Qe5 15.
Nf3 Qf5 16. Qc3 Be7 17. h6 Bf6 18. Nd4 Qg6 19. O-O-O O-O 20. Be2 Bd7 21. Bh5 Qe4
22. Bf3 Qg6 23. Rh5 Rab8 24. hxg7 Qxg7 25. Qc2 Qg6 26. Rh6 Qxc2+ 27. Kxc2 Be5
28. Rdh1 a4 29. Rxh7 Bxd4 30. Be4 Rxb2+ 31. Kc1 Bxe3+ 32. Kxb2 Bd4+ 33. Kc2 Nxe4
34. Kd3 Nxf2+ 35. Kxd4 Nxh1 0-1

[Event "Titled Tue 10th Jun Early"]
[Site "chess.com INT"]
[Date "2025.06.10"]
[Round "7"]
[White "Deac, Bogdan-Daniel"]
[Black "Zhauynbay Aldiyar"]
[Result "1-0"]
[WhiteTitle "GM"]
[BlackTitle "FM"]
[WhiteElo "2674"]
[BlackElo "2233"]
[WhiteFideId "1226380"]
[BlackFideId "13780646"]
[EventDate "2025.06.10"]

1. d4 Nf6 2. c4 e6 3. Nc3 Bb4 4. e3 O-O 5. Bd3 d5 6. a3 Bxc3+ 7. bxc3 dxc4 8.
Bxc4 c5 9. Ne2 Qc7 10. Bd3 b6 11. e4 Ba6 12. Bg5 Bxd3 13. Qxd3 cxd4 14. Bxf6
gxf6 15. cxd4 Kh8 16. O-O Nd7 17. Rac1 Qb7 18. d5 exd5 19. exd5 Rac8 20. Ng3
Rxc1 21. Rxc1 Rc8 22. Re1 Qc7 23. Nh5 Qe5 24. Qd1 Qc3 25. h3 Ne5 26. Kh2 Qxa3
27. f4 Ng6 28. d6 Rd8 29. Qd4 Qxd6 30. Qxd6 1-0

[Event "Titled Tue 10th Jun Early"]
[Site "chess.com INT"]
[Date "2025.06.10"]
[Round "7"]
[White "Sheremetev, Vladislav"]
[Black "Dyulgerov, Volen"]
[Result "0-1"]
[WhiteTitle "CM"]
[BlackTitle "CM"]
[WhiteElo "2133"]
[BlackElo "2200"]
[WhiteFideId "54188300"]
[BlackFideId "2918978"]
[EventDate "2025.06.10"]

1. e4 e5 2. Nf3 d5 3. Nxe5 Nf6 4. exd5 Qxd5 5. Nf3 Nc6 6. Nc3 Qh5 7. Be2 Bg4 8.
d3 Bd6 9. Be3 O-O 10. Qd2 Rfe8 11. O-O-O Qa5 12. Kb1 Be6 13. Ng5 Bf5 14. a3 h6
15. Nge4 Bxa3 16. Nxf6+ gxf6 17. bxa3 Qxa3 18. Na2 Be6 19. c4 b5 20. Qb2 Qa5 21.
c5 b4 22. Nc1 b3 23. Bxh6 Qxc5 24. Qxf6 Qc2+ 25. Ka1 b2+ 26. Qxb2 Qa4+ 27. Na2
Nd4 28. Rc1 Rab8 29. Rc4 Bxc4 30. Qd2 Nb3+ 0-1

[Event "Titled Tue 10th Jun Early"]
[Site "chess.com INT"]
[Date "2025.06.10"]
[Round "7"]
[White "Grave, Jacob Templen"]
[Black "Cardozo Munar, Carlos Eduardo"]
[Result "1-0"]
[WhiteTitle "FM"]
[BlackTitle "FM"]
[WhiteElo "2350"]
[BlackElo "2052"]
[WhiteFideId "1542656"]
[BlackFideId "4409477"]
[EventDate "2025.06.10"]

1. c4 e6 2. g3 d5 3. Bg2 Nf6 4. Nf3 a6 5. O-O Nbd7 6. d4 dxc4 7. Nc3 Nb6 8. e4
Bb4 9. Qe2 Bxc3 10. bxc3 O-O 11. Bg5 h6 12. Bh4 Qe8 13. Bxf6 gxf6 14. e5 f5 15.
Nd2 Kh7 16. Rab1 Qa4 17. Rb2 Nd5 18. Rc1 b5 19. Ne4 Bb7 20. Nc5 Qa3 21. Nxb7
Nxc3 22. Qc2 b4 23. Nc5 Rab8 24. Rxb4 1-0